Poľnohospodársky cenzus 1994 na území okresu Žiar nad Hronom.

Uložené v:
Podrobná bibliografia
Médium: Kniha
Jazyk:Slovak
Vydané: Žiar nad Hronom : Okresné oddelenie Štatistického úradu SR Žiar nad Hronom, 1995
Vydanie:1. vyd.
Edícia:Štatistické informácie
Poľnohospodárstvo
Témy:
ISBN: (brož.)
Fyzický popis: 7 s.
Tagy: Pridať tag
Žiadne tagy, Buďte prvý kto otaguje tento záznam!

MARC

LEADER 00000nam a2200000 a 4500
001 000025521
003 SVKK
005 19960226000000.0
008 951204s1995 xo e sloo
020 |a (brož.) 
040 |a SVKKK  |b slo  |c SVKKK  |e AACR2 
041 0 |a slo 
044 |a xo  |c SK 
080 |a 311.313(437.657)  |2 1997 
080 |a 63(437.657)(083.41)  |2 1997 
245 0 0 |a Poľnohospodársky cenzus 1994 na území okresu Žiar nad Hronom. 
250 |a 1. vyd. 
260 |a Žiar nad Hronom :  |b Okresné oddelenie Štatistického úradu SR Žiar nad Hronom,  |c 1995 
300 |a 7 s. 
440 0 |a Štatistické informácie 
440 0 |p Poľnohospodárstvo 
653 0 |a štatistika  |2 SVKKKPH 
653 0 |a poľnohospodárstvo  |2 SVKKKPH 
653 0 |a Žiar nad Hronom (Slovensko : okres)  |2 SVKKKPH 
653 0 |a tabuľky štatistické  |2 SVKKKPH 
655 7 |a informačné publikácie  |2 SVKKKPH 
910 |a svkkk 
974 |a MI  |d 19960124 
974 |a PA  |d 19951208 
974 |a MI  |d 19960226 
998 |a BK 
090 |g SCKHL  |k Sklad Pribinova 3. posch.  |a V.194828  |j 889735  |i 2720865977  |s Povinný výt.